<?xml version="1.0" encoding="UTF-8"?>
<collection xmlns="http://www.loc.gov/MARC21/slim">
 <record>
  <leader>01487nam a2200205Ia 4500</leader>
  <controlfield tag="001">TDMU_22489</controlfield>
  <controlfield tag="008">210410s9999    xx            000 0 und d</controlfield>
  <datafield tag="082" ind1=" " ind2=" ">
   <subfield code="a">530</subfield>
  </datafield>
  <datafield tag="090" ind1=" " ind2=" ">
   <subfield code="b">Đ116</subfield>
  </datafield>
  <datafield tag="100" ind1=" " ind2=" ">
   <subfield code="a">Đặng, Thị Bích Thuận</subfield>
  </datafield>
  <datafield tag="245" ind1=" " ind2="0">
   <subfield code="a">Hệ thống các bài tập tự luận phần cơ học cho sinh viên cao đẳng sư phạm Vật Lý trường đại học Thủ Dầu Một</subfield>
  </datafield>
  <datafield tag="245" ind1=" " ind2="0">
   <subfield code="c">Đặng Thị Bích Thuận; ThS. Mai Văn Dũng</subfield>
  </datafield>
  <datafield tag="260" ind1=" " ind2=" ">
   <subfield code="a">Bình Dương</subfield>
  </datafield>
  <datafield tag="260" ind1=" " ind2=" ">
   <subfield code="c">2013</subfield>
  </datafield>
  <datafield tag="300" ind1=" " ind2=" ">
   <subfield code="a">78tr.</subfield>
  </datafield>
  <datafield tag="520" ind1=" " ind2=" ">
   <subfield code="a">Đề tài hệ thống và lựa chọn được 150 bài tập cơ học. Đề tài đã phân loại bài tập cơ học theo phương pháp giải bài tập định tính, bài tập định lượng, bài tập đồ thị. Gồm 7 chương. Chương 1 Động học chất điểm; Chương 2 Động lực học chất điểm; Chương 3 Các định luật bảo toàn trong cơ học; Chương 4 Chuyển động trong trường hấp dẫn; Chương 5 Cơ học vật rắn; Chương 6 Cơ học chất lưu; CHương 7 Thuyết tương đối hẹp Einstein</subfield>
  </datafield>
  <datafield tag="650" ind1=" " ind2=" ">
   <subfield code="a">Vật lý</subfield>
   <subfield code="x">Cơ học</subfield>
   <subfield code="v">Bài tập</subfield>
  </datafield>
  <datafield tag="700" ind1=" " ind2=" ">
   <subfield code="a">Mai Văn Dũng</subfield>
  </datafield>
  <datafield tag="856" ind1=" " ind2=" ">
   <subfield code="u">http://lrc.tdmu.edu.vn/opac/search/detail.asp?aID=2&amp;ID=22489</subfield>
  </datafield>
  <datafield tag="980" ind1=" " ind2=" ">
   <subfield code="a">Trung tâm Học liệu Trường Đại học Thủ Dầu Một</subfield>
  </datafield>
 </record>
</collection>
